000 00475nam a22001817a 4500
003 LK-CoDNM
005 20250103144022.0
008 241220b |||||||| |||| 00| 0 eng d
040 _aLK-CoDNM
_dLK-CoDNM
_eLK-CoDNM
041 _aeng
080 _a4
_bA17
100 _aSTEAD,DAVID G
245 _aTHE EDIBLE FISHES OF NEW SOUTH WALES
260 _acalcutta
_c1908
_bGOVERMENT OF THE STATE
300 _a119p. : lxxxxi ill ; 24 cm
650 _ascience
942 _cBK
999 _c234837
_d234837